Générique Rekkit - Paroles - Statistiques

Statistiques générales
  • Ce quiz a été pris 139 fois
  • Le résultat moyen est 7 sur 11
Statistiques - réponses
Paroles % Correct
Voilà Rekkit , voilà {Rekkit} !
100%
Le fantastique lapin {magique}
97%
Voilà Rekkit, lapin {magique}
78%
Yeah, yeah, {yeah} !
77%
Hourra, hourra, hourra, {hourra}
75%
C'est Rekkit, c'est {Rekkit} !
74%
Voilà Rekkit, {Rekkit} !
70%
Sha-la-la-la-la-la-la-{la}
67%
Lapin magique, pas de {panique}
54%
Voilà Rekkit, {catastrophique}
22%
Si sympathique, si {drolatique}
6%
Aucun quiz correspondant
Distribution des résultats
% des personnes avec chaque résultat
Percentile par nombre de réponses
Votre historique - résultats
Vous n’avez pas pris ce quiz